Normal view
MARC view
Entry Uniform Title
001 - CONTROL NUMBER
- control field: 10218
003 - CONTROL NUMBER IDENTIFIER
- control field: OSt
005 - DATE AND TIME OF LATEST TRANSACTION
- control field: 20110916162446.0
008 - FIXED-LENGTH DATA ELEMENTS
- fixed length control field: 110916|||a|||||| | ||| d
040 ## - CATALOGING SOURCE
- Original cataloging agency: OSt
- Transcribing agency: OSt
130 ## - HEADING--UNIFORM TITLE
- Uniform title: Koran
- General subdivision: Language, style.
670 ## - SOURCE DATA FOUND
- Source citation: Work cat.: (OSt)0: Versteegh, C. H. M. 10216, Arabic grammar and Qur'anic exegesis in early Islam /, 1993.
